000 00487nam a2200205 4500
005 20240207122639.0
008 240207b2022 |||||||| |||| 00| 0 spa d
020 _a9788418395673
041 _aESP
082 _a823.7 A933a
100 _aAusten, Jane
_92187
245 _aLa abadía de Northanger
260 _aEspaña
260 _bEditorial Alma
260 _c2022
300 _a268 páginas
650 _aLITERATURA INGLESA
650 _aNOVELA INGLESA
942 _2ddc
_cLIT
999 _c13612
_d13612